Statistics for Top 5 Indiana Pacers Players Per Position

Click here to take the quiz!

General Stats

  • This quiz has been taken 116 times
    (77 since last reset)
  • The average score is 10 of 25

Answer Stats

Position#PlayerWS% Correct
SG1Reggie Miller174.4
99%
SF4Paul George44.5
93%
C1Rik Smits56.6
74%
PF2Jermaine O'Neal46.5
68%
PG4Mark Jackson31.9
67%
C5Roy Hibbert31.9
61%
SF3Danny Granger47.6
59%
C4Myles Turner 38.2
58%
SG5Victor Oladipo11.0
54%
PF1Dale Davis58.4
49%
PG3George Hill33.6
43%
SG3Lance Stephenson15.0
38%
PF4George McGinnis41.4
32%
SF1Roger Brown63.5
29%
PF5Detlef Schrempf40.0
28%
SF5Chuck Person25.7
25%
SG4Fred Jones11.5
23%
C2Mel Daniels53.4
22%
SF2Billy Knight53.4
20%
PG1Vern Fleming50.4
17%
PG2Don Buse36.1
12%
C3Jeff Foster47.5
12%
SG2Freddie Lewis43.2
10%
PF3Bob Netolicky41.8
4%
PG5Bill Keller30.1
0%

Score Distribution

Percentile by Number Answered

Percent of People with Each Score

Your Score History

You have not taken this quiz since the last reset